The magic / (Record no. 1292)

MARC details
000 -LEADER
fixed length control field 01315cam a2200361 a 4500
005 - DATE AND TIME OF LATEST TRANSACTION
control field 20230811112629.0
020 ## - INTERNATIONAL STANDARD BOOK NUMBER
International Standard Book Number 9780545258975 (hardcover)
020 ## - INTERNATIONAL STANDARD BOOK NUMBER
International Standard Book Number 9780545259033
040 ## - CATALOGING SOURCE
Original cataloging agency DLC
Transcribing agency DLC
Modifying agency DLC
Language of cataloging eng
050 00 - LIBRARY OF CONGRESS CALL NUMBER
Classification number PZ7.N647
Item number Tr 2011
082 00 - DEWEY DECIMAL CLASSIFICATION NUMBER
Classification number [Fic]
Edition number 22
100 1# - MAIN ENTRY--PERSONAL NAME
Personal name Nix, Garth.
245 10 - TITLE STATEMENT
Title The magic /
Statement of responsibility, etc. Garth Nix and Sean Williams.
246 3# - VARYING FORM OF TITLE
Title proper/short title Trouble twisters
250 ## - EDITION STATEMENT
Edition statement This edition first printing, May 2012
260 ## - PUBLICATION, DISTRIBUTION, ETC.
Place of publication, distribution, etc. New York :
Name of publisher, distributor, etc. Scholastic Press,
Date of publication, distribution, etc. 2011.
300 ## - PHYSICAL DESCRIPTION
Extent 293 pages ;
Dimensions 22 cm
490 ## - SERIES STATEMENT
Materials specified Troubletwisters
505 ## - FORMATTED CONTENTS NOTE
Formatted contents note Q
520 ## - SUMMARY, ETC.
Summary, etc. When their house mysteriously explodes and they are sent to live with an unknown relative named Grandma X, twelve-year-old twins Jaide and Jack Shield learn that they are troubletwisters, young Wardens just coming into their powers, who must protect humanity from The Evil trying to break into Earth's dimension.
521 ## - TARGET AUDIENCE NOTE
Target audience note 910 <br/>
Source Lexile
521 ## - TARGET AUDIENCE NOTE
Target audience note Q <br/>
Source Raz-Plus
650 #1 - SUBJECT ADDED ENTRY--TOPICAL TERM
Topical term or geographic name entry element Magic
Form subdivision Fiction.
650 #1 - SUBJECT ADDED ENTRY--TOPICAL TERM
Topical term or geographic name entry element Siblings
Form subdivision Fiction.
650 #1 - SUBJECT ADDED ENTRY--TOPICAL TERM
Topical term or geographic name entry element Twins
Form subdivision Fiction.
650 #1 - SUBJECT ADDED ENTRY--TOPICAL TERM
Topical term or geographic name entry element Grandmothers
Form subdivision Fiction.
650 #1 - SUBJECT ADDED ENTRY--TOPICAL TERM
Topical term or geographic name entry element Fantasy.
700 1# - ADDED ENTRY--PERSONAL NAME
Personal name Williams, Sean,
Dates associated with a name 1967-
Titles and other words associated with a name author
906 ## - LOCAL DATA ELEMENT F, LDF (RLIN)
a 7
b cbc
c orignew
d 1
e ecip
f 20
g y-gencatlg
942 ## - ADDED ENTRY ELEMENTS (KOHA)
Source of classification or shelving scheme Dewey Decimal Classification
Koha item type Books
Suppress in OPAC No
999 ## -
-- 1292
-- 1292
Holdings
Withdrawn status Lost status Source of classification or shelving scheme Damaged status Not for loan Collection Home library Current library Shelving location Date acquired Total Checkouts Full call number Barcode Date last seen Price effective from Koha item type
    Dewey Decimal Classification     Fiction Footprints International School Library Network Toul Kork Campus Footprints International School Library Network Toul Kork Campus A TK Campus, 4th Floor, Room B401, Fiction Bookcases (1-6) 08/11/2023   NIX Fic PZ7.N647 FISTK04942 08/11/2023 08/11/2023 Books